| 000 | 01234nam a2200349 a 4500 | ||
|---|---|---|---|
| 001 | 000109840 | ||
| 003 | CHAP | ||
| 005 | 20220329144106.0 | ||
| 008 | 140602s2014 mx a |sm |||||||spa|d | ||
| 010 | _a106302 | ||
| 011 | _a107274 | ||
| 040 | _cCHAP | ||
| 090 | _aTesis | ||
| 100 | 1 |
_aContreras Julián, Misael _9127162 |
|
| 245 | 1 | 0 |
_aContribución al conocimiento del género Prosopis (Mezquite) en México _h[En línea] _cpor Misael Contreras Julián. |
| 260 |
_aChapingo, Méx. : _bEl autor, _c2014. |
||
| 500 | _aPara ver el contenido del material haga clic en la liga | ||
| 502 | _aTesis (Ing. en Restauración Forestal) -- UACH. Division de Ciencias Forestales | ||
| 590 |
_aBATCH-UPD _b05 _c20141002 _lUCH01 _h0904 |
||
| 590 |
_aBATCH _b00 _c20181121 _lUCH01 _h0759 |
||
| 590 |
_aE792CSJ _b05 _c20140602 _lUCH01 _h1229 |
||
| 590 |
_aE792CSJ _b05 _c20140602 _lUCH01 _h1229 |
||
| 650 | 1 | 4 |
_aMezquite como forraje. _975380 |
| 650 | 1 | 4 |
_aMezquite _xFisiología y morfología. _975369 |
| 650 | 1 | 4 |
_aMezquite _xPropiedades y usos. _975375 |
| 650 | 1 | 4 |
_aProsopis. _992429 |
| 856 |
_a1 _n0001691 |
||
| 856 |
_aFinding aid _uhttp://10.13.5.2/tesis/sist109840.pdf _zTeclea aquí |
||
| 901 | _aBK | ||
| 942 | _cTESIS | ||
| 942 | _n0 | ||
| 999 |
_c106302 _d106302 |
||